CONTEMPORARY INDIA & EDUCATION (Record no. 19898)

MARC details
000 -LEADER
fixed length control field 00256nam a22001217a 4500
003 - CONTROL NUMBER IDENTIFIER
control field SGT
082 ## - DEWEY DECIMAL CLASSIFICATION NUMBER
Item number PAN
100 ## - MAIN ENTRY--PERSONAL NAME
Personal name PANDA, PRATAP KUMAR
245 ## - TITLE STATEMENT
Title CONTEMPORARY INDIA & EDUCATION
260 ## - PUBLICATION, DISTRIBUTION, ETC. (IMPRINT)
Place of publication, distribution, etc DELHI
Name of publisher, distributor, etc APH
Year of Publication 2020
300 ## - PAGE DESCRIPTION
No. of Pages 336
942 ## - ADDED ENTRY ELEMENTS (KOHA)
Source of classification or shelving scheme Dewey Decimal Classification
Koha item type Books
942 ## - ADDED ENTRY ELEMENTS (KOHA)
-- 8
Holdings
Withdrawn status Lost status Source of classification or shelving scheme Damaged status Not for loan Collection code Home library Current library Date acquired Cost, normal purchase price SGTU Bill Number Total Checkouts Full call number Accession No. (Barcode) Date last seen Date last borrowed Bill Date Koha item type
    Dewey Decimal Classification     EDUCATION SGT Engineering Library SGT Engineering Library 27/04/2020 395.00 SGTU 101 8 PAN ED4565 23/01/2025 27/12/2024 27/04/2020 Books